000 004090000a22001210004500
090 _aAS
_bSeriadas
245 1 0 _aPrimer registro de reproducción del Ostrero, Haematopus palliatus (Aves: haematopodidae), en Colombia
041 0 _aEspañol
700 1 _aBotero, Jorge E.
_94510
100 1 _aDíaz, Juan Manuel
_913639
942 _cARTICULO
773 1 _tTrianea
_kActa Científica y Tecnológica
_h2
_q497-500
_d1988
999 _c16171
_d16171